000 00271nam a2200097Ia 4500
001 718266
005 20250826163020.0
008 250824s9999 xx 000 0 und d
245 0 _aMİMARİDEKİ OSMANLI MÜHRÜ MİMAR SİNAN
_cYAVUZ BAHADIROĞLU
260 _bPANAMA YAYINLARI
999 _c718266
_d718266